01273nam a22003377a 4500001001000000003000900010005001700019007000300036008003400039040005400073041001000127072002100137090001900158100002100177100001900198100001500217110008100232110010300313245017500416260003400591300001000625500003300635650002300668650001200691650001000703650001000713909003600723942000700759999001700766952015200783BR7909073BR-BrBNA20230928090429.0ta230509b bl.||||| |||| 00| 0 por d aBR-BrBNAbporcBiblioteca Nacional de Agricultura a(Por) aM10b8105b/G514  8105 BR79090731 aMonteiro, J.L.C.1 aSilva, O.P. da1 aLima, R.C.1 aComissao Executiva do Plano da Lavoura Cacaueira, Ilheus, BA (Brasil);921061 aDepartamento Nacional de Obras Contra as Secas, Salvador, BA (Brasil). 4. Diretoria Regional933261 aRelacao entre captura total (Kg)e esforco total (no. de licencas das especies existentes)no acude publico "Romulo Campos" Itiuba, Bahia, Brasil, no periodo de 1966 a 19773 aIlheus, BA (Brasil): c1979.  a12 p. a7 ref.; Summaries (Eng, Por) aPEIXE DE AGUA DOCE aCAPTURA aACUDE aBAHIA a202309bLuciac55dLucia Elande cBK c28809d28809 002AGRIS40708AGROBASEa41918b41918l0o 8105 BR7909073p8105 BR7909073r2023-09-25t01yBK10d2023-09-25ePortaria Interministerial nÂș 164/94